000 00641nmc a2200241 a 4500
003 AR-BaBNM
005 20251128211528.0
008 044120s2000 ||||||||||||||000 | spa||
020 _a987-538-022-9
040 _cAR-BaBNM
100 1 _aJara, Jesús
245 1 0 _aLos juegos teatrales del clown
_bnavegante de las emociones
260 _aBuenos Aires
_bEdiciones Novedades Educativas
_c2000
300 _a124 p.
_bil.
490 0 _aRecursos didácticos
650 4 _aEDUCACION ARTISTICA
650 4 _aARTES ESCENICAS
650 4 _aCIRCOS
650 4 _aMETODOS DE ENSENANZA
653 _aCLOWN
942 _cBK
998 _craquel
999 _c20043
_d20043